000 00301nam a22001337a 4500
008 171220b xxu||||| |||| 00| 0 eng d
020 _a9780874934960
041 _aeng
080 _a616-008-073
100 _a7
101 _aNEU
245 _aADVANCED CARDIOVASCULAR
_cFIELD.J.M
942 _2udc
_cBK
999 _c39200
_d39200